Přístup zaměřený na člověka : současné podoby, trendy a aplikace

Saved in:
Bibliographic Details
Other Authors Mikoška, Petr (Editor)
Format Book
LanguageCzech
Slovak
Published Praha : Stanislav Juhaňák - Triton, 2026
Subjects
ISBN978-80-7684-468-1
Physical Description238 stran : portréty ; 20 cm

Cover

LEADER 00000aam a2200000 i 4500
001 115754
003 CZ ZlUTB
005 20260602073315.0
007 ta
008 260217s2026 xr c f 000 0 cze
015 |a cnb003741195 
020 |a 978-80-7684-468-1  |q (brožováno) 
040 |a ABA001  |b cze  |d ZLD002  |e rda 
041 0 |a cze  |a slo 
072 7 |a 615.8  |x Fyzioterapie. Psychoterapie. Alternativní lékařství  |2 Konspekt  |9 14 
080 |a 364-785.4  |2 MRF 
080 |a 005.963.2  |2 MRF 
080 |a 364-781.9  |2 MRF 
080 |a 37.048  |2 MRF 
080 |a 37.01  |2 MRF 
080 |a 005  |2 MRF 
080 |a (048.8:082)  |2 MRF 
245 0 0 |a Přístup zaměřený na člověka :  |b současné podoby, trendy a aplikace /  |c Petr Mikoška (ed.) 
264 1 |a Praha :  |b Stanislav Juhaňák - Triton,  |c 2026 
300 |a 238 stran :  |b portréty ;  |c 20 cm 
336 |a text  |b txt  |2 rdacontent 
337 |a bez média  |b n  |2 rdamedia 
338 |a svazek  |b nc  |2 rdacarrier 
504 |a Obsahuje bibliografie 
546 |a Částečně slovenský text 
650 0 7 |a nedirektivní psychoterapie  |7 ph115425  |2 czenas 
650 0 7 |a supervize  |7 ph166251  |2 czenas 
650 0 7 |a vzdělávání  |7 ph127311  |2 czenas 
650 0 7 |a management  |7 ph115217  |2 czenas 
650 0 9 |a client-centered psychotherapy  |2 eczenas 
650 0 9 |a supervision  |2 eczenas 
650 0 9 |a education  |2 eczenas 
650 0 9 |a management  |2 eczenas 
655 7 |a kolektivní monografie  |7 fd501537  |2 czenas 
655 9 |a collective monographs  |2 eczenas 
700 1 |a Mikoška, Petr  |7 jo2014806124  |4 edt 
710 2 |a Nakladatelství Triton  |7 kn20131022019  |4 pbl 
910 |a ZLD002 
928 9 |a Triton 
942 |2 udc 
952 |0 0  |1 0  |4 0  |6 6158PŘÍSTUP  |7 0  |8 BOOK  |9 191399  |a UTBZL  |b UTBZL  |c 005  |d 2026-06-02  |l 0  |o 615.8/PŘÍSTUP  |p 420010202236  |r 2026-06-02 07:34:25  |v 429.00  |w 2026-06-02  |x N:nákup  |y 01 
992 |a BK  |b SKNEW 
999 |c 115754  |d 115754